| 000 | 00372nam a2200133 a 4500 | ||
|---|---|---|---|
| 005 | 20140414131931.0 | ||
| 008 | 101206s19uu xx 00 eng d | ||
| 050 |
_aREF 031.02 _bAm1 199? |
||
| 245 | _aAmazing facts. | ||
| 260 |
_aEngland : _bPeter Haddock, _c199?. |
||
| 650 |
_aCuriosities and wonders _x Miscellanea. |
||
| 650 | _aQuestions and answers. | ||
| 999 |
_c112200 _d112200 |
||